Statistics for Čeští panovníci

Click here to take the quiz!

General Stats

  • This quiz has been taken 50 times
  • The average score is 19 of 33

Answer Stats

# Name % Correct
6Václav
97%
1Jiří
92%
2Přemysl Otakar
87%
4Karel
87%
1Jan
87%
2Matyáš
82%
4Boleslav
82%
2Rudolf
82%
2František
79%
4Vladislav
79%
1Ladislav
77%
1Zikmund
77%
1Marie Terezie
74%
4Ferdinand
74%
2Bořivoj
74%
2Josef
72%
3Jindřich
69%
1Ludvík
64%
2Svatopluk
62%
2Břetislav
59%
2Vratislav
56%
2Spytihněv
46%
1Oldřich
44%
1Fridrich
38%
2Leopold
36%
1Albrecht
31%
1Jaromír
31%
1Maxmilián
26%
2Konrád
23%
1Vladivoj
21%
2Soběslav
15%
1Bedřich
13%
1Strojmír
8%

Score Distribution

Percentile by Number Answered

Percent of People with Each Score

Your Score History

You have not taken this quiz